MDQL
is popping MORE tags! Check the
thread
!
Quizzes
Events
Quiz Creation
Community
Videos
Private Events
Remove Ads
Sign In
Join for FREE
Feedback
Dark Mode
Quiz Categories
Sports
Geography
Music
Movies
Television
Just For Fun
Miscellaneous
History
Literature
Language
Science
Gaming
Entertainment
Religion
Holiday
For Kids
Quiz Lab
Recent
Popular Today
Quiz Kudos Today
Editor Picks
Curator Picks
Quizzes by...
Day
Popularity
Type
Ratings
Length
Year
Community
Subscriptions
Recent Discussions
Orange Saloon
Badges
Playlists
Quests
Create
Leaderboards
Showdown
Live 5
Trivia Bingo
Activity
Puzzle Library
Sporcle Events
Private Events
Virtual Trivia
Globe League
Become a Host
Pub Owners
SporcleCon
Opinionation
Our Games
Videos
Blog
Mobile Apps
Partnerships
Remove Ads and Go Orange
Feedback
Music
Pop Music
The Beatles
Song
Album
Lyrics
Bands
Singers
Artist
Clip
Rock
Rap
Classical
Billboard
Country Music
Kpop
Taylor Swift
Music
Pop Music
The Beatles
Song
Album
Lyrics
Bands
Singers
Artist
Clip
Rock
Rap
Classical
Billboard
Country Music
Kpop
Taylor Swift
Random Quiz
Search Sporcle
×
Quiz Lab
Quiz Lab
Music
Album
Type in answers that appear in a list
Type in answers that appear in a list
Classic
Best Score? Go Orange.
Dream Theater Songs (Studio Albums) Stats
Can you name the songs of of every Dream Theater studio album??
By
TimelessBard
10m
85 Questions
103 Plays
103 Plays
103 Plays
Comments
Comments
Give Quiz Kudos
Give Quiz Kudos
-
- Ratings
hide this ad
Replay
Link that replays current quiz
Next Quiz
Link to next quiz in quiz playlist
You Got
0%
They Got
Avg Score
50%
Avg Friend Score
Upgrade to see
Score Distribution
Jump to the score distribution portion of the page
Score
0/85
Timer
10:00
0
Plays Today
Year
Song
% Correct
1992
Pull Me Under
88.3%
1992
Take the Time
79.6%
1992
Another Day
78.6%
1992
Under a Glass Moon
77.7%
1989
The Ytse Jam
72.8%
1992
Surrounded
71.8%
1994
6:00
71.8%
1992
Learning to Live
70.9%
1992
Wait for Sleep
66%
2005
Octavarium
65%
2002
The Glass Prison
64.1%
1999
Overture 1928
60.2%
2003
As I Am
60.2%
2005
Panic Attack
59.2%
2009
Wither
59.2%
1994
Erotomania
58.3%
1994
Space-Dye Vest
58.3%
2005
The Root of All Evil
58.3%
1994
Caught in a Web
57.3%
1999
Home
57.3%
2009
A Nightmare to Remember
57.3%
2009
The Count of Tuscany
57.3%
2007
Constant Motion
56.3%
1994
Lie
55.3%
1999
Regression
55.3%
1999
Strange Deja Vu
55.3%
1999
The Dance of Eternity
55.3%
1994
Voices
54.4%
1994
The Silent Man
54.4%
Year
Song
% Correct
1989
A Fortune in Lies
53.4%
1994
The Mirror
52.4%
1999
Through Her Eyes
52.4%
2007
The Dark Eternal Night
52.4%
2009
The Best of Times
52.4%
1999
The Spirit Carries On
51.5%
1999
Finally Free
51.5%
2002
Misunderstood
51.5%
2002
The Great Debate
51.5%
2003
Honor Thy Father
51.5%
2009
The Shattered Fortress
51.5%
1994
Innocence Faded
50.5%
1999
Fatal Tragedy
50.5%
2003
This Dying Soul
50.5%
2003
In the Name of God
50.5%
2005
Sacrificed Sons
50.5%
2009
A Rite of Passage
50.5%
1997
New Millenium
49.5%
2003
Vacant
49.5%
2007
Forsaken
49.5%
1989
Afterlife
48.5%
1994
Scarred
48.5%
1997
Hell's Kitchen
48.5%
1997
Lines in the Sand
48.5%
1997
Anna Lee
48.5%
2005
These Walls
48.5%
2005
Never Enough
48.5%
1997
Hollow Years
47.6%
1997
Trial of Tears
47.6%
Year
Song
% Correct
1999
Beyond This Life
47.6%
1999
One Last Time
47.6%
2002
Blind Faith
47.6%
2005
I Walk Beside You
47.6%
1989
The Killing Hand
46.6%
1994
Lifting Shadows off a Dream
46.6%
1999
Through My Words
46.6%
2003
Stream of Consciousness
45.6%
1989
Status Seeker
44.7%
1997
Peruvian Skies
44.7%
2003
Endless Sacrifice
44.7%
1997
You Not Me
43.7%
2005
The Answer Lies Within
43.7%
2007
Ministry of Lost Souls
43.7%
2002
Disappear
41.7%
1989
Light Fuse and Get Away
40.8%
1989
Only a Matter of Time
37.9%
1997
Burning My Soul
37.9%
2007
Prophets of War
37.9%
1989
The Ones Who Help to Set the Sun
36.9%
1997
Take Away My Pain
35%
2007
Repentance
34%
1997
Just Let Me Breathe
32%
1992
Metropolis - Part I 'The Miracle and the Sleeper
17.5%
2007
In the Presence of Enemies Part I
17.5%
2007
In the Presence of Enemies Part II
17.5%
2002
Six Degrees of Inner Turbulence (Parts I-VIII)
3.9%
Quiz Playlist
Details
Report
Send in Message
Add To Playlist
Classic:
Type in answers that appear in a list
Last Updated: Feb 16, 2017
Quiz Scoreboard
CHALLENGE
Sign Up to Join the Scoreboard
Show All
Scores
Hide
Comments
May contain spoilers
Recently Published
1-10 Letter E Words III
by El_Dandy
Language
2m
Street Fighter Characters
by Artimus82
Gaming
60s
College Basketball Coaching Resumes
by pancakes188
Sports
9m
More to Explore
Quiz From the Vault
Featured Blog Post
Where Did the Easter Bunny Come From?
hide this ad
You Might Also Like...
Tags
Album Quiz
Song Quiz
Dream
Dream Theater
studio
Theater
Today's Top Quizzes in Music
Browse Music
hide this ad
Today's Top Quizzes in Album
Browse Album
Top Contributed Quizzes in Music
1
Taylor Swift All Songs (2024)
2
Taylor Swift Logic Puzzle
3
Guess the Artist- 70s Songs
4
7-to-1: Billboard Hot 100 #1 Hits of 2010s
5
Sorting Albums and Songs
6
KPOP LOGIC QUIZ
7
Billboard Blitz: Aretha Franklin
8
Guess the Taylor Swift song (Mystery Song)
9
Guess The Taylor Swift Lyrics Song #1
10
Billboard Blitz: ABBA
Explore More
Trending Topics
Harry Potter
Crossword
Anime
Kpop
Disney
Marvel
NBA
Puzzle
Soccer
WWE
Country
The Office
NFL
Song
Pokémon
hide this ad
More By:
TimelessBard
Quiz
Plays
Rating
Category
Featured
Created
Dream Theater Songs (Studio Albums)
103
2.50
Music
Feb 19, 2010
Go to Creator's Profile
Score Distribution
Quiz Creator Spotlight
TimelessBard
Follow
Send a Message
Quizzes Created
-
Created Quiz Play Count
-
More By This Creator
Popular Quizzes Today
1
Find the US States - No Outlines Minefield
2
Find the Countries of Europe - No Outlines Minefield
3
The Countries of the World
4
Find the US States
5
Risky Map Clicking: Biggest States A-Z
6
US States
7
Popular People in 1961
8
Movies - When Are They Set?
More Music Quizzes
200 kpop girls by pictures
Quiz Lab
Trending Quizzes
Risky Map Clicking: Least Populous States A-Z
1-10 Letter G Words
1-10 Letter F Words
Countries of the World: 200 Million BC
Risky Map Clicking: Next State Alphabetically
Recently Updated
Beyoncé Albums
pecheneg
Leaping Animals
pecheneg
Reality TV Shows (A-Z)
bhenderson79
Rickey Henderson's Hall of Fame Teammates
pecheneg
Champions League XIs: Arsenal
pecheneg
Quick Pick: Celebrities in WWE's Hall of Fame
aduchscher
A-Z Keypad Blitz II
pecheneg
Multiple Oscar Actors
pecheneg
Mystery Phrase Blitz: Oscar 'Best Actors'
pecheneg
F. Scott Fitzgerald Novels
LTH
Trending Topics
NBA
Kpop
Anime
Marvel
Crossword
Harry Potter
Disney
Soccer
Pokémon
NFL
WWE
Song
The Office
Puzzle
Country
Your Account Isn't Verified!
In order to create a playlist on Sporcle, you need to verify the email address you used during registration. Go to your
Sporcle Settings
to finish the process.
Report this User
Report this user for behavior that violates our
Community Guidelines
.
Details:
Send Report
Go to the Sporcle.com Mobile Site →
Comments